000 01362cam a2200325 i 4500
003 SA-RiAUC
005 20251103120750.0
008 251101s1963 su f l f000r0 ara c
020 _a4319200
040 _aSA-RiKSU
_bara
_cSA-RiAUC
_dSA-RiKSU
_erda
043 _aa-su---
082 0 4 _a343.5310994
_qSA-RiAUC
090 _a343.5310994
_bس ع و
110 1 _aالسعودية
_eمؤلف.
240 1 0 _aنظام استخدام الأجهزة اللاسلكية (1381 هـ.)
245 1 0 _aنظام استخدام الأجهزة اللاسلكية /
_cوزارة المواصلات.
250 _aالطبعة الثانية.
264 1 _aمكة المكرمة :
_bمطبعة الحكومة،
_c[1963]
300 _a15 صفحة ؛
_c24 × 17 سم
336 _aنص
_btxt
_2rdacontent
_3كتاب
337 _aبدون وسيط
_bn
_2rdamedia
338 _aمجلد
_bnc
_2rdacarrier
500 _aس ع/م ل/3/ن6أ4.
650 7 _aالاتصالات السلكية واللاسلكية
_xقوانين وتشريعات
_xمطبوعات حكومية
_zالسعودية
_2aucsh
650 7 _aالمطبوعات الحكومية
_2aucsh
651 7 _aالسعودية
_xمطبوعات حكومية
_2aucsh
710 1 _aالسعودية.
_bوزارة المواصلات
_eمؤلف.
942 _2ddc
_cBOOK
_n0
949 _aSA-JeALM
_d251101
_umohamedma123
_n1
999 _c12969
_d12969